it's time to go lyrics - Statistics

General Stats
  • This quiz has been taken 101 times
  • The average score is 275 of 346
Answer Stats
Lyrics % Correct
I
100%
a
98%
it
98%
it's
98%
When
95%
when
95%
go
93%
time
93%
to
93%
you
93%
You
93%
and
91%
And
91%
is
91%
know
91%
know,
91%
the
91%
The
91%
that
89%
That
89%
cold
86%
dinner
86%
he
86%
old,
86%
old
86%
So
86%
then
86%
Then
86%
familiar
84%
in
84%
soul
84%
your
84%
at
82%
gets
82%
me
82%
not
82%
on
82%
who
82%
will
82%
body
80%
brave
80%
for
80%
little
80%
my
80%
one
80%
run
80%
Sometimes
80%
thing
80%
of
77%
up
77%
ache
75%
back
75%
break
75%
giving
75%
he's
75%
He's
75%
right
75%
same
75%
sister
75%
was
75%
but
73%
come
73%
like
73%
million
73%
son
73%
years
73%
years,
73%
ask
70%
chatter
70%
from
70%
job,
70%
tears,
70%
whispers
70%
yours
70%
all,
68%
boss
68%
breaks
68%
got
68%
I've
68%
left
68%
she
68%
snaps
68%
strong
68%
tab
68%
wondered
68%
15
66%
gave
66%
knees
66%
look
66%
nothing
66%
'til
66%
why
66%
again,
64%
begging
64%
behind
64%
moment
64%
out
64%
spot
64%
each
61%
find
61%
friends
61%
hearts
61%
his
61%
just
61%
kids,
61%
Now
61%
other
61%
their
61%
walking
61%
words
61%
20
59%
bled
59%
glass,
59%
insisting
59%
past
59%
prove
59%
she's
59%
caught
57%
dreams,
57%
frozen
57%
how
57%
only
57%
what
57%
worse
57%
bones,
55%
crook
55%
fact
55%
palace
55%
greed
52%
praying
52%
sits
52%
throne
52%
keeping
50%
stay
50%
twin
50%
seemed,
48%
trying
45%
Or
43%
No matching quizzes found
Score Distribution
Percent of People with Each Score
Percentile by Number Answered
Your Score History
You have not taken this quiz